LIBRARY & INFORMATION CENTRE, KCAET, TAVANUR

ONLINE PUBLIC ACCESS CATALOGUE (OPAC)

Mathamethayalum Manushyan nannakanam / (Record no. 1167)

MARC details
000 -LEADER
fixed length control field 00432cam a2200169ua 4500
041 ## - LANGUAGE CODE
Language code of text/sound track or separate title mal
082 ## - DEWEY DECIMAL CLASSIFICATION NUMBER
Classification number 894.8122
Item number DAM/MA
100 ## - MAIN ENTRY--AUTHOR NAME
Personal name Damodaran, Ponkunnam .
245 ## - TITLE STATEMENT
Title Mathamethayalum Manushyan nannakanam /
260 ## - PUBLICATION, DISTRIBUTION, ETC. (IMPRINT)
Place of publication Quilon :
Name of publisher M.S Book Depot ,
Year of publication 1959.
300 ## - PHYSICAL DESCRIPTION
Number of Pages 147 ; .
942 ## - ADDED ENTRY ELEMENTS (KOHA)
Koha item type Books
Holdings
Withdrawn status Lost status Damaged status Home library Current library Date acquired Full call number Accession Number Koha item type
      KAUAET KAUAET 07/04/2012 894.8122 1532 Books
free website counter